00337nam a2200121 a 45000010005000000030005000050050017000100080041000270400020000681000030000882450077001182600020001952398CDMR20130116135229.0130130s1974||||||||||||||||||||||||||||d aCDMRbcatcCDMR1 aGómez Muñoz, Fernando13aLa técnica de la entrevista en Manuel del ArcocFernando Gomez Muñoz aBarcelonac1974